Logos des clubs de Betclic Elite. - Statistiques

Statistiques générales
  • Ce quiz a été pris 80 fois
  • Le résultat moyen est 13 sur 16
Statistiques - réponses
Par images Réponse % Correct
ASVEL Lyon-Villeurbanne
100%
AS Monaco
99%
Paris Basketball
96%
Limoges CSP
90%
JL Bourg-en-Bresse
89%
Nanterre 92
86%
SIG Strasbourg
81%
Cholet Basket
77%
JDA Dijon
77%
BCM Gravelines-Dunkerque
74%
Le Mans SB
74%
Élan sportif chalonnais
73%
ESSM Le Portel
64%
Saint-Quentin BB
63%
SLUC Nancy
61%
Boulazac Basket Dordogne
59%
Aucun quiz correspondant
Distribution des résultats
% des personnes avec chaque résultat
Percentile par nombre de réponses
Votre historique - résultats
Vous n’avez pas pris ce quiz